Mezinárodní financování ochrany klimatu z pohledu národních zájmů České republiky
Možné dôsledky globálneho oteplovania. Prognózy negatívnych dopadov klimatickej zmeny na Českú republiku. Hľadanie miery zodpovednosti. Súčasná finančná architektúra v oblasti ochrany pred klimatickými zmenami. Klimatické zmeny v kontexte globálnej ekonomickej krízy.
Gespeichert in:
| 1. Verfasser: | |
|---|---|
| Format: | Buchkapitel |
| Sprache: | Tschechisch |
| Schlagworte: | |
| Tags: |
Keine Tags, Fügen Sie das erste Tag hinzu!
|
MARC
| LEADER | 00000naa$a2200000$$$4500 | ||
|---|---|---|---|
| 001 | 0108777 | ||
| 005 | 20220713131146.7 | ||
| 041 | 0 | |a cze | |
| 044 | |a CZ | ||
| 245 | 1 | 0 | |a Mezinárodní financování ochrany klimatu z pohledu národních zájmů České republiky |c Ivana Dostálová |
| 520 | |a Možné dôsledky globálneho oteplovania. Prognózy negatívnych dopadov klimatickej zmeny na Českú republiku. Hľadanie miery zodpovednosti. Súčasná finančná architektúra v oblasti ochrany pred klimatickými zmenami. Klimatické zmeny v kontexte globálnej ekonomickej krízy. | ||
| 610 | 2 | 0 | |a zmeny klimatické |
| 610 | 2 | 0 | |a financovanie |
| 610 | 2 | 0 | |a ochrana prostredia životného |
| 610 | 2 | 0 | |a emisie |
| 610 | 2 | 0 | |a záujmy verejné |
| 610 | 2 | 0 | |a Česko |
| 610 | 2 | 0 | |a kríza hospodárska |
| 100 | 1 | |a Dostálová, Ivana | |